000 00785cam a2200289 4500
001 1130
003 BD-RjUL
005 20211208233259.0
008 s1969 nyu b 000 0 eng
020 _a70111339
035 _a(BD-RjUL)1152
040 _aDLC
_cDLC
_dDLC
_beng
041 _aeng
082 0 0 _a100
_216
_bVIT 1968
100 1 _aVivian, Frederick.
_93334
245 1 0 _aThinking philosophically:
_ban introduction for students/
_cFrederick Vivian
260 _aNew York:
_bBasic Books
_c1968
300 _aviii, 183 p.
_c22 cm.
350 _a5.95
490 0 _aCulture & discovery
504 _aBibliography: p. 183.
526 _bPhilosophy
650 0 _aPhilosophy
_vIntroductions.
_92771
942 _2ddc
_cBK
999 _c1130
_d1130